[Event "Titled Tuesday intern op 30th May Late"]
[Site "Chess.com INT"]
[Date "2023.05.30"]
[Round "10"]
[White "Florianovitz, Derlei Alex"]
[Black "Campos, Maria Jose"]
[Result "1-0"]
[WhiteElo "2079"]
[BlackElo "2220"]
[PlyCount "121"]
[EventDate "2023.05.30"]
[EventType "swiss (blitz)"]
[EventRounds "11"]
[EventCountry "USA"]
[SourceTitle "CBM 214 Extra"]
[Source "ChessBase"]
[SourceDate "2023.07.31"]
[SourceVersion "1"]
[SourceVersionDate "2023.07.31"]
[SourceQuality "1"]

1. e4 e5 2. Nf3 Nc6 3. Bb5 a6 4. Ba4 d6 5. 0-0 Bd7 6. c3 Nf6 7. Re1 Be7 8. h3 0-0 9. d4 b5 10. Bb3 Re8 11. Nbd2 Bf8 12. Nf1 Na5 13. Bc2 c5 14. Ng3 Nc4 15. b3 Nb6 16. Be3 g6 17. Qd2 Qc7 18. Rac1 c4 19. Bh6 Bc8 20. Bxf8 Rxf8 21. Qh6 Bb7 22. d5 Nbd7 23. Ng5 Kh8 24. Re3 Qd8 25. Rf3 Qe7 26. bxc4 bxc4 27. Ba4 Rg8 28. Bxd7 Rg7 29. Ba4 Ng8 30. Qh4 h6 31. Rb1 Ra7 32. Bc6 Bc8 33. Rb8 Rc7 34. Nxf7+ Rxf7 35. Qxe7 Rfxe7 36. Rf8 Be6 37. dxe6 Rg7 38. Bd5 Kh7 39. e7 Nxe7 40. Rfd8 Nxd5 41. exd5 Rge7 42. Rxd6 e4 43. Re6 Red7 44. d6 Ra7 45. Rbe8 Kg7 46. R8e7+ Kf8 47. Rxd7 Rxd7 48. Nxe4 Kf7 49. Rf6+ Kg7 50. Re6 Kf7 51. Re7+ Rxe7 52. dxe7 Kxe7 53. Kf1 Ke6 54. Ke2 Kd5 55. Ke3 a5 56. a4 g5 57. g4 Ke5 58. f3 Kd5 59. Nf6+ Ke5 60. Ng8 Kd5 61. Nxh6 1-0

[Event "Titled Tuesday intern op 30th May Late"]
[Site "Chess.com INT"]
[Date "2023.05.30"]
[Round "6"]
[White "Florianovitz, Derlei Alex"]
[Black "Prydun, Andriy"]
[Result "1-0"]
[WhiteElo "2079"]
[BlackElo "2134"]
[PlyCount "69"]
[EventDate "2023.05.30"]
[EventType "swiss (blitz)"]
[EventRounds "11"]
[EventCountry "USA"]
[SourceTitle "CBM 214 Extra"]
[Source "ChessBase"]
[SourceDate "2023.07.31"]
[SourceVersion "1"]
[SourceVersionDate "2023.07.31"]
[SourceQuality "1"]

1. e4 e6 2. d4 d5 3. e5 c5 4. c3 Nc6 5. Nf3 a5 6. a3 a4 7. Bb5 Qa5 8. Bxc6+ bxc6 9. 0-0 Ne7 10. h3 Ba6 11. Re1 Nc8 12. Nbd2 Nb6 13. Ng5 Ra7 14. Qh5 cxd4 15. cxd4 c5 16. dxc5 Bxc5 17. Nxe6 g6 18. Ng7+ Kf8 19. Qh6 Kg8 20. e6 Bf8 21. exf7+ Rxf7 22. Re8 Rxg7 23. Nf3 Qb5 24. Rb8 Bc8 25. Bf4 Rb7 26. Qg5 Rxb8 27. Bxb8 Qxb2 28. Re1 Bd7 29. Bc7 Bc6 30. Be5 Qxa3 31. Bxh8 Kxh8 32. Qf6+ Kg8 33. Ng5 Qd6 34. Qf7+ Kh8 35. Qxh7# 1-0

[Event "Titled Tuesday intern op 30th May Late"]
[Site "Chess.com INT"]
[Date "2023.05.30"]
[Round "2"]
[White "Nilsen, Tobias Lang"]
[Black "Florianovitz, Derlei Alex"]
[Result "1-0"]
[WhiteElo "2219"]
[BlackElo "2079"]
[PlyCount "79"]
[EventDate "2023.05.30"]
[EventType "swiss (blitz)"]
[EventRounds "11"]
[EventCountry "USA"]
[SourceTitle "CBM 214 Extra"]
[Source "ChessBase"]
[SourceDate "2023.07.31"]
[SourceVersion "1"]
[SourceVersionDate "2023.07.31"]
[SourceQuality "1"]

1. e4 e6 2. d4 d5 3. Nc3 Nf6 4. e5 Nfd7 5. f4 c5 6. Nf3 Nc6 7. Be3 a6 8. a3 b5 9. Bd3 Qb6 10. 0-0 cxd4 11. Bf2 h6 12. Ne2 a5 13. Nexd4 Nxd4 14. Nxd4 Bc5 15. c3 Ba6 16. b4 Bxd4 17. Bxd4 Qc6 18. Qg4 g6 19. Qe2 h5 20. a4 Rb8 21. axb5 Bxb5 22. Bxb5 Rxb5 23. bxa5 Ke7 24. a6 Ra8 25. a7 Nc5 26. Qa2 Nb3 27. Qa3+ Ke8 28. Rab1 Nxd4 29. cxd4 Rb7 30. Rxb7 Qxb7 31. Ra1 Qb6 32. Qa4+ Kf8 33. Kf2 Qb2+ 34. Kg3 h4+ 35. Kh3 Qf2 36. Qc6 Qe3+ 37. g3 Kg7 38. Qxa8 hxg3 39. hxg3 Qxd4 40. Qb7 1-0